000 01731nam0a2200397 4500
001 RU\NLR\BIBL_A\022345931
005 20260420015516.0
010 _a978-5-907039-76-6
_9200
021 _aRU
_bКН-П-24-050103
_9КН-П-24-4981
035 _a(NLR Aleph) 022345931
090 _a13666716
_c13666716
100 _a20241008d2024 u y0rusy50 ca
101 1 _arus
_cger
102 _aRU
105 _aa|||z|||000yy
181 0 _ai3
_baxxe
182 0 _an
200 1 _aЧудо-машина человек
_eувлекательное путешествие по жизни от начала и до конца
_fБернд Штекмайер
_gредактор перевода с немецкого: Григорьян Татьяна Яковлевна
203 _aТекст
_bвизуальный
_cнепосредственный
210 _aКазань
_cИхлас
_d2024
215 _a411 с.
_cил.
_d20
300 _aНа 5-й с. авт.: Бернд Штекмайер, проф., д-р мед. наук, д-р медицины, врач
320 _aБиблиогр. в подстроч. примеч.
606 1 _aЧеловек
_xОнтогенез
_91939202
_3RU\NLR\AUTH\661174252
606 1 _aБолезни
_xЭтиология и патогенез
_91158606
_3RU\NLR\AUTH\66145283
606 1 _aЧеловек
_xФизиология
_92080066
_3RU\NLR\AUTH\661255977
606 1 _aСтарение
_xПрофилактика
_91694538
_3RU\NLR\AUTH\661051944
686 1 _aЕ83
686 1 _aР252.21
686 1 _aР120.492
686 1 _aЕ903
700 1 _aШтекмайер
_bБ.
_gБернд
942 _cBOOK
980 _aNB